000 00953nam a22002657a 4500
005 20110331160230.0
008 110331t xxu||||| |||| 00| 0 eng d
010 _aENG-102201
020 _c275.00
_a9788125939382
035 _aEN-85734
037 _bDBAD/PUB
040 _adpl
_bEng
082 _a620.105
100 1 _926630
_aBhavikatti, S. S.
245 1 0 _aSolid mechanics /
_cby S. S. Bhavikatti
260 _aNoida
_bVikas Publishing House
_c2010
270 _aA-22, Sector-4
_bNoida
_e201301
300 _axiv,412 p.
_c24cm (pbk)
490 _aVikas-students' series
_926895
650 0 _926631
700 _926636
942 _2ddc
_cEN
_mBHA
_h620.105
999 _c51347
_d51347